Southville International School and Colleges
Your cart is empty.
  • Cart
  • Lists
    Public lists Eva Luna New books Lux_list list_1
    Your lists Log in to create your own lists
  • Log in to your account
  • Your cookies
  • Search history
Southville International School and Colleges
  • Advanced search
  • Recent comments
  • Most popular
  • Libraries

Log in to your account

Log in with GOOGLE


If you do not have an external account, but do have a local account, you can still log in:

  1. Home
  2. MARC view: I'm too fond of my fur! /
Normal view MARC view ISBD view

I'm too fond of my fur! / (Record no. 11234)

[ view plain ]
MARC details
000 -LEADER
fixed length control field 01189cam a2200361 a 4500
001 - CONTROL NUMBER
control field 13645856
003 - CONTROL NUMBER IDENTIFIER
control field OSt
005 - DATE AND TIME OF LATEST TRANSACTION
control field 20140310182245.0
008 - FIXED-LENGTH DATA ELEMENTS--GENERAL INFORMATION
fixed length control field 040706s2004 nyuab b 000 1 eng
010 ## - LIBRARY OF CONGRESS CONTROL NUMBER
LC control number 2004301111
020 ## - INTERNATIONAL STANDARD BOOK NUMBER
International Standard Book Number 0439559669 (pbk.)
040 ## - CATALOGING SOURCE
Original cataloging agency DLC
Transcribing agency DLC
Modifying agency DLC
041 1# - LANGUAGE CODE
Language code of text/sound track or separate title eng
Language code of original and/or intermediate translations of text ita
042 ## - AUTHENTICATION CODE
Authentication code lcac
050 00 - LIBRARY OF CONGRESS CALL NUMBER
Classification number PZ 7
Item number .St857 2004
082 00 - DEWEY DECIMAL CLASSIFICATION NUMBER
Classification number FIC
Item number St5i 2004
100 ## - MAIN ENTRY--PERSONAL NAME
Personal name Stilton,Geronimo
245 00 - TITLE STATEMENT
Title I'm too fond of my fur! /
Statement of responsibility, etc Geronimo Stilton ; [illustrations by Larry Keys].
246 1# - VARYING FORM OF TITLE
Title proper/short title I am too fond of my fur!
260 ## - PUBLICATION, DISTRIBUTION, ETC. (IMPRINT)
Place of publication, distribution, etc New York :
Name of publisher, distributor, etc Scholastic,
Date of publication, distribution, etc c2004.
300 ## - PHYSICAL DESCRIPTION
Extent 116 p. :
Other physical details col. ill. ;
Dimensions 20 cm.
650 #1 - SUBJECT ADDED ENTRY--TOPICAL TERM
Topical term or geographic name as entry element Mice
Form subdivision Fiction.
9 (RLIN) 19407
650 #1 - SUBJECT ADDED ENTRY--TOPICAL TERM
Topical term or geographic name as entry element Animals
Form subdivision Fiction.
9 (RLIN) 19408
650 #1 - SUBJECT ADDED ENTRY--TOPICAL TERM
Topical term or geographic name as entry element Journalists
Form subdivision Fiction.
9 (RLIN) 19409
650 #1 - SUBJECT ADDED ENTRY--TOPICAL TERM
Topical term or geographic name as entry element Mountaineering
Form subdivision Fiction.
9 (RLIN) 19410
650 #1 - SUBJECT ADDED ENTRY--TOPICAL TERM
Topical term or geographic name as entry element Adventure and adventurers
Form subdivision Fiction.
9 (RLIN) 19411
650 #1 - SUBJECT ADDED ENTRY--TOPICAL TERM
Topical term or geographic name as entry element Humorous stories.
9 (RLIN) 3831
856 42 - ELECTRONIC LOCATION AND ACCESS
Materials specified Publisher description
Uniform Resource Identifier <a href="http://www.loc.gov/catdir/description/schol051/2004301111.html">http://www.loc.gov/catdir/description/schol051/2004301111.html</a>
906 ## - LOCAL DATA ELEMENT F, LDF (RLIN)
a 7
b cbc
c origres
d 2
e ncip
f 20
g y-gencatlg
942 ## - ADDED ENTRY ELEMENTS (KOHA)
Source of classification or shelving scheme Library of Congress Classification
Koha item type
Holdings
Withdrawn status Lost status Source of classification or shelving scheme Damaged status Home library Current library Shelving location Date acquired Total Checkouts Total Renewals Full call number Barcode Date last seen Date checked out Copy number Price effective from Koha item type
    Library of Congress Classification   Luxembourg Library Luxembourg Library Fiction Section 09/13/2013 3 3 PZ 7 .St857 2004 18221 02/15/2020 01/24/2020 1 09/13/2013 Books

I'm too fond of my fur! /

APA

Stilton G., . (2004). I'm too fond of my fur!. New York: Scholastic.

Chicago

Stilton Geronimo, . 2004. I'm too fond of my fur!. New York: Scholastic.

Harvard

Stilton G., . (2004). I'm too fond of my fur!. New York: Scholastic.

MLA

Stilton Geronimo, . I'm too fond of my fur!. New York: Scholastic. 2004.

  • Place hold
  • Print
  • Cite
  • Add to your cart (remove)
  • Save record
    BIBTEX Dublin Core MARCXML MARC (non-Unicode/MARC-8) MARC (Unicode/UTF-8) MARC (Unicode/UTF-8, Standard) MODS (XML) RIS
  • More searches
    Search for this title in:
    Other Libraries (WorldCat) Other Databases (Google Scholar) Online Stores (Bookfinder.com) Open Library (openlibrary.org)

Exporting to Dublin Core...

SOUTHVILLE LIBRARY

Southville International School and Colleges Library

1281 Tropical Ave. Cor. Luxembourg St., BF Homes International, Las Pinas City

Tel. No. 8256374 / 252358 Loc. 117/146

Powered by Koha